| 000 | 01609nam a2200457 c 4500 | ||
|---|---|---|---|
| 999 |
_c50512 _d50512 |
||
| 001 | 50512 | ||
| 003 | ES-MaCES | ||
| 005 | 20180205101956.0 | ||
| 007 | cr ||||||||||| | ||
| 008 | 180201s2017 fr r i000 | eng d | ||
| 020 | _a9789264272644 | ||
| 020 | _a9789264272866 (pdf) | ||
| 040 |
_aES-MaCES _bspa _cES-MaCES |
||
| 245 | 0 | 0 |
_aMulti-level governance reforms _hRecurso electrónico _b: overview of OECD country experiences _cedited by Isabelle Chatry et Claudia Hulbert |
| 260 |
_aParis _bOCDE _c[2017] |
||
| 300 |
_a1 documento pdf _c(2,77 mb) |
||
| 490 | 1 | _aOECD multi-level governance studies | |
| 504 | _aBibliografía: p. 109-118 | ||
| 541 | _cGratuito | ||
| 650 | 4 |
_apolítica gubernamental _927211 |
|
| 650 | 4 |
_apolítica económica _927025 |
|
| 650 | 4 |
_areforma económica _929791 |
|
| 650 | 4 |
_adesarrollo institucional _929802 |
|
| 650 | 4 |
_apolítica regional _930779 |
|
| 650 | 4 |
_agobierno local _927219 |
|
| 650 | 4 |
_adescentralización _927218 |
|
| 650 | 4 |
_aFinlandia _926942 |
|
| 650 | 4 |
_aJapón _926915 |
|
| 650 | 4 |
_aFrancia _926943 |
|
| 650 | 4 |
_aItalia _926952 |
|
| 650 | 4 |
_aNueva Zelanda _927004 |
|
| 650 | 4 |
_apaís de la OCDE _929055 |
|
| 653 | 1 | 0 | _aCondiciones económicas |
| 700 | 1 |
_938910 _aChatry, Isabelle _eed. lit. |
|
| 700 | 1 |
_938911 _aHulbert, Claudia _eed. lit. |
|
| 710 | 2 |
_aOrganización de Cooperación y Desarrollo Económico _eed. _94694 |
|
| 830 | 0 |
_938905 _aOECD multi-level governance studies |
|
| 856 | 4 |
_uhttp://biblioteca.ces.es/repintra/B50512.pdf _ytexto completo _z[intranet] |
|
| 902 | _aELE PUB. ELECTRONICA | ||
| 942 |
_2CES _cBK _h0.0. |
||